Guess the 1970s song lyrics #202 - Statistics

General Stats
  • This quiz has been taken 16 times
  • The average score is 137 of 211
Answer Stats
Answer % Correct
I
100%
You
100%
you
100%
A
92%
love
92%
the
92%
to
85%
all
77%
me
77%
You're
77%
you're
77%
as
69%
As
69%
day
69%
for
69%
in
69%
it
69%
know
69%
our
69%
are
62%
but
62%
But
62%
cold
62%
Cold
62%
ice
62%
I've
62%
oh
62%
sacrifice
62%
Some
62%
some
62%
that
62%
time
62%
willing
62%
you'll
62%
before
54%
happens
54%
never
54%
pay
54%
price
54%
seen
54%
take
54%
want
54%
yes
46%
advice
38%
away
38%
feelings
38%
paradise
38%
world
38%
digging
31%
fortune
31%
gold
31%
leave
31%
Ooh
31%
ooh
31%
behind
23%
throwing
23%
closing
15%
door
15%
No matching quizzes found
Score Distribution
Percent of People with Each Score
Percentile by Number Answered
Your Score History
You have not taken this quiz